Il diritto nella vita di coppia (Record n. 211443)

Dettagli MARC
000 -LEADER
fixed length control field 01380nam a2200205Ia 4500
001 - CONTROL NUMBER
control field b5681-38499
003 - CONTROL NUMBER IDENTIFIER
control field IT-MiCISF
008 - FIXED-LENGTH DATA ELEMENTS--GENERAL INFORMATION
fixed length control field 161014s9999||||xx |||||||||||||| ||und||
040 ## - CATALOGING SOURCE
Original cataloging agency IT-MiCISF
Transcribing agency IT-MiCISF
041 ## - LANGUAGE CODE
Language code of text/sound track or separate title it
999 ## - SYSTEM CONTROL NUMBERS (KOHA)
Koha Dewey Subclass [OBSOLETE] si
100 ## - MAIN ENTRY--PERSONAL NAME
Personal name Palmieri Germano
245 #0 - TITLE STATEMENT
Title Il diritto nella vita di coppia
Remainder of title Dal fidanzamento al divorzio fra legge e giurisprudenza
250 ## - EDITION STATEMENT
Edition statement 1a ed.
260 ## - PUBLICATION, DISTRIBUTION, ETC. (IMPRINT)
Place of publication, distribution, etc. Milano
Name of publisher, distributor, etc. Giuffré
Date of publication, distribution, etc. 2003
300 ## - PHYSICAL DESCRIPTION
Extent pp. XI-136
500 ## - GENERAL NOTE
General note / matrimonio-civile, fidanzamento, convivenza, diritto, rapporti-patrimoniali, potestà-genitoriale, separazione, divorzio, morte / Il libro si prefigge di offrire ai protagonisti della vita di coppia, si tratti di coniugi, di conviventi o di fidanzati, la conoscenza delle regole del diritto che disciplinano queste relazioni, e soprattutto delle sentenze che hanno portato i giudici, sia di merito che di legittimità, a decidere in ordine alle fattispecie portate alla loro attenzione. La trattazione muove dal fidanzamento per passare poi alla convivenza e al matrimonio, alla separazione personale e allo scioglimento del matrimonio, non senza aver toccato i rapporti genitori-figli, anche adottivi, la successione per causa di morte e i risvolti penali ai quali può essere interessata la vita familiare.
650 ## - SUBJECT ADDED ENTRY--TOPICAL TERM
Topical term or geographic name as entry element Famiglia nella società / matrimonio
Relator term 006
942 ## - ADDED ENTRY ELEMENTS (KOHA)
Koha item type LIBRO
957 ## -
-- 1
999 ## - SYSTEM CONTROL NUMBERS (KOHA)
-- 1
Dati di copia
Withdrawn status Lost status Damaged status Not for loan Home library Current library Date acquired Total Checkouts Full call number Date last seen Price effective from Koha item type Public note
    Buone Condizioni Not For Loan CISF - Milano CISF - Milano 14/10/2016   b5681-38499 14/10/2016 14/10/2016 LIBRO Data import 15.10.2016 / by Epidotti, Vaglietti
CREDITS: SOCIETA' SAN PAOLO Via A.Severo, 58 - ROMA (RM) & PERIODICI SAN PAOLO SRL Via Giotto, 36 MILANO & CISF Via Giotto, 36 MILANO & EDIZIONI SAN PAOLO SRL,  Piazza Soncino, 5 CINISELLO BALSAMO (MI) -- ITALY